| 000 | 01255cam a2200337 i 4500 | ||
|---|---|---|---|
| 999 |
_c1488 _d1488 |
||
| 001 | 18405376 | ||
| 003 | OSt | ||
| 005 | 20221230154245.0 | ||
| 008 | 141213s2016 nyuab j b 001 0 eng | ||
| 010 | _a 2014048020 | ||
| 020 | _a9781502605795 (pbk. book) | ||
| 040 |
_aDLC _beng _cDLC _erda _dDLC _dKH8 |
||
| 042 | _apcc | ||
| 043 | _aa-ii--- | ||
| 082 | 0 | 0 |
_a954 SHO _223 |
| 100 | 1 |
_aShoup, Kate, _d1972- _eauthor. |
|
| 245 | 1 | 0 |
_aIndia / _cKate Shoup. |
| 250 | _aFirst edition. | ||
| 264 | 1 |
_aNew York : _bCavendish Square Publishing, _c2016. |
|
| 300 |
_a32 pages : _bcolor illustrations, color map ; _c23 cm. |
||
| 336 |
_atext _2rdacontent |
||
| 337 |
_aunmediated _2rdamedia |
||
| 338 |
_avolume _2rdacarrier |
||
| 490 | 0 | _aExploring world cultures | |
| 504 | _aIncludes bibliographical references (page 31) and index. | ||
| 505 | 0 | _aGeography -- History -- Government -- The economy -- The environment -- The people today -- Lifestyle -- Religion -- Language -- Arts and festivals -- Fun and play -- Food -- Glossary. | |
| 651 | 0 |
_aIndia _vJuvenile literature. |
|
| 906 |
_a7 _bcbc _corignew _d1 _eecip _f20 _gy-gencatlg |
||
| 942 |
_2ddc _cNFIC |
||